LEADER 03926nam 2200805Ia 450 001 9910454612903321 005 20200520144314.0 010 $a1-282-19736-3 010 $a9786612197369 010 $a3-598-44094-4 024 7 $a10.1515/9783598440946 035 $a(CKB)1000000000698044 035 $a(EBL)364691 035 $a(OCoLC)503443352 035 $a(SSID)ssj0000179033 035 $a(PQKBManifestationID)11177400 035 $a(PQKBTitleCode)TC0000179033 035 $a(PQKBWorkID)10249832 035 $a(PQKB)10669065 035 $a(MiAaPQ)EBC364691 035 $a(DE-B1597)34015 035 $a(OCoLC)1024023125 035 $a(OCoLC)1029823467 035 $a(OCoLC)1032693934 035 $a(OCoLC)1037980278 035 $a(OCoLC)1041973599 035 $a(OCoLC)1046607769 035 $a(OCoLC)1047016881 035 $a(OCoLC)1049626105 035 $a(OCoLC)1054880089 035 $a(OCoLC)851064865 035 $a(DE-B1597)9783598440946 035 $a(Au-PeEL)EBL364691 035 $a(CaPaEBR)ebr10256414 035 $a(CaONFJC)MIL219736 035 $a(EXLCZ)991000000000698044 100 $a20080530d2008 uy 0 101 0 $aeng 135 $aur||||||||||| 181 $ctxt 182 $cc 183 $acr 200 00$aInformation literacy$b[electronic resource] $einternational perspectives /$fedited by Jesu?s Lau 210 $aMu?nchen $cK. G. Saur$d2008 215 $a1 online resource (160 p.) 225 1 $aIFLA publications ;$v131 300 $aDescription based upon print version of record. 311 $a3-598-22037-5 320 $aIncludes bibliographical references. 327 $t Frontmatter -- $tTABLE OF CONTENTS -- $tCHAPTER I DEFINING INFORMATION LITERACY IN THE 21ST CENTURY -- $tCHAPTER II 25 YEARS OF A CONTINUOUS NATIONAL POLICY: INFORMATION LITERACY NETWORKING IN HIGHER EDUCATION IN FRANCE -- $tCHAPTER III EMPOWERING PATIENTS THROUGH HEALTH INFORMATION LITERACY TRAINING -- $tCHAPTER IV BREAKING INTO UNEXPLORED TERRITORY: A CASE STUDY OF THE INFORMATION LITERACY INITIATIVE AT THE CAVE HILL CAMPUS OF THE UNIVERSITY OF THE WEST INDIES -- $tCHAPTER V IMPLEMENTING INFORMATION LITERACY EDUCATION FOR UNDERGRADUATE NURSING STUDENTS -- $tCHAPTER VI INFORMATION LITERACY, UNIVERSITIES, AND THE ACCESS TO INFORMATION -- $tCHAPTER VII ENABLING LIBRARY AND INFORMATION SKILLS: FOUNDATIONS FOR ENTERING STUDENTS -- $tCHAPTER VIII SUPPORTING INFORMATION LITERACY LEARNING IN FINNISH UNIVERSITIES ... STANDARDS, PROJECTS, AND ONLINE EDUCATION -- $tChapter IX LEARNING TO BE A STUDENT AT THE UNIVERSITY OF PARIS 8: AN INNOVATIVE EXAMPLE OF TEACHING INFORMATION LITERACY IN THE FIRST YEAR -- $tCHAPTER X INFORMATION LITERACY PROGRAMS FOR VIRTUAL MOBILITY 330 $aThis book provides a comprehensive update on the status of information literacy activities around the world, particularly from countries where no related literature in English has been published. In these collected papers, ranging from the practical to the theoretical, knowledgeable librarians report on their efforts to establish and develop information literacy programmes. A tool for evaluating all forms of information literacy, this publication is a must-read for anyone who shares an interest in this field. 410 0$aIFLA publications ;$v131. 606 $aInformation literacy 606 $aComparative librarianship 608 $aElectronic books. 615 0$aInformation literacy. 615 0$aComparative librarianship. 676 $a025.56 676 $a028.7 676 $a028.7071/1 686 $aAN 76400$2rvk 701 $aLau$b Jesus$f1949-$0886757 712 02$aInternational Federation of Library Associations and Institutions. 801 0$bMiAaPQ 801 1$bMiAaPQ 801 2$bMiAaPQ 906 $aBOOK 912 $a9910454612903321 996 $aInformation literacy$92470889 997 $aUNINA LEADER 02214nam 2200373 450 001 996280987203316 005 20231208104221.0 010 $a0-7381-8843-3 024 7 $a10.1109/IEEESTD.2013.6679204 035 $a(CKB)3780000000093223 035 $a(NjHacI)993780000000093223 035 $a(EXLCZ)993780000000093223 100 $a20231208d2013 uy 0 101 0 $aeng 135 $aur||||||||||| 181 $ctxt$2rdacontent 182 $cc$2rdamedia 183 $acr$2rdacarrier 200 10$aISO/IEC/IEEE 8802-1X:2013(E)$hPart 1X$iPort-based network access control $eIEEE/ISO/IEC Information technology -- Telecommunications and information exchange between systems -- Local and metropolitan area networks /$fInstitute of Electrical and Electronics Engineers 210 1$aGeneva, New York :$cIEEE,$d2013. 215 $a1 online resource (xviii, 207 pages) $cillustrations 330 $aPort-based network access control allows a network administrator to restrict the use of IEEE 802(R) LAN service access points (ports) to secure communication between authenticated and authorized devices. This standard specifies a common architecture, functional elements, and protocols that support mutual authentication between the clients of ports attached to the same LAN and that secure communication between the ports, including the media access method independent protocols that are used to discover and establish the security associations used by IEEE 802.1AE(TM) MAC Security. 517 $a8802-1X-2013 - IEEE/ISO/IEC Information technology -- Telecommunications and information exchange between systems -- Local and metropolitan area networks -- Part 1X 517 $aISO/IEC/IEEE 8802-1X:2013(E): IEEE/ISO/IEC Information technology -- Telecommunications and information exchange between systems -- Local and metropolitan area networks -- Part 1X: Port-based network access control 517 $aISO/IEC/IEEE 8802-1X 606 $aLocal area networks (Computer networks) 615 0$aLocal area networks (Computer networks) 676 $a004.68 801 0$bNjHacI 801 1$bNjHacl 906 $aDOCUMENT 912 $a996280987203316 996 $aISO$91086301 997 $aUNISA